000 00289nam a22001337a 4500
008 170602b xxu||||| |||| 00| 0 eng d
020 _a9780757597367
041 _aeng
080 _a93
100 _a17
101 _aSHH
245 _aANALYZING RHETORIC
_cROWLAND, R.C
942 _2udc
_cBK
999 _c15550
_d15550